Bilecik Bilecik Bilecik Bilecik Bilecik

Termodinamik/ (Record no. 35097)

MARC details
000 -BAŞLIK
Sabit Uzunluktaki Kontrol Alanı 01072nam a22003257a 4500
001 - KONTROL NUMARASI
Control Dosyası 0035191
003 - KONTROL NUMARASI KİMLİĞİ
Kontrol Alanı KOHA_MİRAKIL
005 - EN SON İŞLEM TARİHİ ve ZAMANI
Kontrol Alanı 20260207002936.0
007 - FİZİKSEL TANIM SABİT ALAN - GENEL BİLGİ
Sabit uzunluklu kontrol alanı ta
008 - SABİT UZUNLUKTAKİ VERİ ÖGELERİ - GENEL BİLGİ
Sabit Alan 120206b1992 tu |||gr||||#||||0|tur |
020 ## - ISBN - ULUSLARARASI STANDART KİTAP NUMARASI
Isbn 9754420211
040 ## - KATALOGLAMA KAYNAĞI
Özgün Kataloglama Kurumu TR-BiSEU
Kataloglama Dili tur
Çeviri Kurumu TR-BiSEU
Açıklama Kuralları rda
041 0# - DİL KODU
Metin ya da ses kaydının dil kodu tur
044 ## - YAYINLAYAN/ÜRETEN KURULUŞUN ÜLKE KODU
ISO country code tu
050 ## - SINIFLAMA ve YER NUMARASI
Sınıflama Numarası QC311
Yer Numarası .A94 1992
100 1# - KİŞİ ADI
Yazar Adı (Kişi adı) Ayhan, Teoman.
245 1# - ESER ADI BİLDİRİMİ
Başlık Termodinamik/
Sorumluluk Bildirimi Teoman Ayhan ; T. Ayhan, Ö. Çomaklı.
264 #1 - ÜRERİM, YAYIN, DAĞITIM ve TELİF BİLDİRİMİ
Yayın yeri Erzurum :
Yayınlayan Atatürk Üniversitesi
Yayın tarihi 1992
300 ## - FİZİKSEL TANIMLAMA
Sayfa, Cilt vb. iii, 143 sayfa
336 ## - İÇERİK TÜRÜ
Content type term metin
Content type code txt
Source rdacontent
337 ## - MEDYA TÜRÜ
Media type term aracısız
Media type code n
Source rdamedia
338 ## - TAŞIYICI TÜRÜ
Carrier type term cilt
Carrier type code nc
Source rdacarrier
490 1# - DİZİ BİLDİRİMİ
Dizi Bildirimi Atatürk Üniversitesi yayınları ;
Cilt Numarası No.733.
490 1# - DİZİ BİLDİRİMİ
Dizi Bildirimi Mühendislik Fakültesi yayınları ;
Cilt Numarası No.2, Ders Kitapları serisi ;
-- No.1.
500 ## - GENEL NOT
Genel Not Kaynakça var.
650 #0 - KONU BAŞLIĞI EK GİRİŞ - KONU TERİMİ
Konusal terim veya coğrafi ad Thermodynamics.
9 (RLIN) 1697
830 1# - SERİ EK GİRİŞİ - TEKBİÇİM ESER ADI
Tekbiçim Başlık Atatürk Üniversitesi yayınları ;
Volume number/sequential designation No.733.
9 (RLIN) 16569
830 1# - SERİ EK GİRİŞİ - TEKBİÇİM ESER ADI
Tekbiçim Başlık Mühendislik Fakültesi yayınları ;
Volume number/sequential designation No.2, Ders Kitapları serisi ;
-- No.1.
9 (RLIN) 7962
942 ## - EK GİRİŞ ÖGELERİ (KOHA)
Source of classification or shelving scheme Library of Congress Classification
Koha item type Book
Holdings
Materyal Türü Kalıcı Konum Mevcut Konum Raf Yeri Sınıflandırma Kaynağı Edinim Bilgisi Ana Konular Alt Konular Yer Numarası Demirbaş Numarası Fatura Tarihi Geri Çekilme Durumu Kayıp Durumu Hasarlı Durumu Kredi için değil Kayıt Tarih Toplam Ödünçverme Son Görülme Tarihi Son Kontrol Tarihi Genel / Bağış Notu
Book Prof. Dr. Azmi Özcan Kütüphanesi Prof. Dr. Azmi Özcan Kütüphanesi Birûni Salonu Library of Congress Classification Bağış BİLİM Fizik QC311 .A94 1992 0035191 02/02/2026         06/02/2012   05/12/2024 05/12/2024 YÖK Tez Merkezi